<?xml version="1.0" encoding="UTF-8"?>
<marc:record xmlns:marc="http://www.loc.gov/MARC21/slim">
   <marc:leader>00000nam a2200000 a 4500</marc:leader>
   <marc:datafield ind1=" " ind2=" " tag="653">
      <marc:subfield code="a">Jesus</marc:subfield>
   </marc:datafield>
   <marc:datafield ind1="0" ind2="0" tag="245">
      <marc:subfield code="a">Bild der Wissenschaft - Ausgabe 01/2018</marc:subfield>
   </marc:datafield>
   <marc:datafield ind1=" " ind2="1" tag="264">
      <marc:subfield code="c">2018</marc:subfield>
   </marc:datafield>
   <marc:datafield ind1="1" ind2=" " tag="520">
      <marc:subfield code="a">Jesus, Menschensohn - Archäologen ergründen das Geheimnis der Weihnacht
- Das neue Bild des Mars: Gab es einst Leben auf unserem Nachbarn?
- Rückkehr der Wölfe: Warum wir miteinander auskommen müssen
- Geruchstier Mensch: Wie die Nase unser Leben lenkt
- Genpool Baskenland: Die Urenkel der ersten Bauern in Europa</marc:subfield>
   </marc:datafield>
</marc:record>
